Biggest Cities in Virginia in 1860 with a Map - Statistics

General Stats
  • This quiz has been taken 137 times
  • The average score is 17 of 31
Answers on the Map
Answers color-coded by a green-red scale on the quiz's map according to % correct below.
 
Answer Stats
Population Cities % Correct
37,910 Richmond
97%
1,520 Charleston
93%
12,652 Alexandria
91%
14,620 Norfolk
88%
2,630 South Wheeling
85%
14,083 Wheeling
85%
6,853 Lynchburg
71%
2,700 Charlottesville
68%
18,266 Petersburg
67%
1,111 Williamsburg
64%
5,022 Fredericksburg
63%
1,848 Hampton
61%
1,395 Suffolk
61%
9,496 Portsmouth
59%
4,392 Winchester
57%
3,500 Danville
53%
1,083 Leesburg
50%
2,493 Parkersburg
48%
3,875 Staunton
48%
1,339 Harpers Ferry
46%
1,023 Harrisonburg
44%
1,056 Fairfax
41%
2,135 Lexington
37%
3,364 Martinsburg
36%
1,376 Charles Town
35%
1,111 Wytheville
22%
1,536 Farmville
21%
2,793 Manchester
17%
1,219 Shepherdstown
16%
1,130 Bolivar
14%
1,016 Mason
13%
No matching quizzes found
Score Distribution
Percent of People with Each Score
Percentile by Number Answered
Your Score History
You have not taken this quiz